000 00726nam a22002537a 4500
005 20260313153453.0
008 260313b |||||||| |||| 00| 0 eng d
020 _a9789374725252
037 _cTB
040 _alCT
_clCT
041 _2eng
_aeng
_heng
084 _aZ2,91 K8;R5
100 _aTripathi, B.N. Mani
_91132044
245 _aJurisprudence (Legal Theory)/
250 _a20th ed.
260 _aFaridabad, India:
_bAllahabad Law Agency,
_c2025
300 _axi, 600p.
365 _b750.00
_cINR
650 _aLaw
650 _a Jurisprudence
_9754938
650 _aLegal Theory
700 _aMani, Rajiv
_91132047
942 _2CC
_cTB
_hZ2,91 K8;R5
_n0
999 _c1715400
_d1715400